00618nam a2200193Ia 450000500170000000800410001702000250005804000190008304100120010208200130011410000250012724501270015226000260027930000360030550400390034165000140038070000200039485000100041420240111092505.0131103s9999 xx 000 0 und d a05832471 8cGBP 1.00 aLoreto College aEnglish a370bAND aAnderson, Dame Kitty aBoarders Away, bAn Account of British India Educational Cruises, cDame Kitty Anderson, John Wolfenden and John Newsom aLondonbLongmanc1973 aix, 124 p.b ill.,tables,photos aIncludes appendix and bibliography aEducation aWolferden, John aLCLIB